000 00335nam a2200109Ia 4500
008 171204s9999 xx 000 0 und d
245 _aKnowledge Management – Systems And Processes:
245 _cRajiv Sabherwal
260 _c2014
650 _xINFORMATION MANAGEMENT
856 _uhttp://down.ebook777.com/026/KnoManSysAndPro2Edi.pdf
999 _c347015
_d347015